[Event "Bucaramanga Feria op 2nd"]
[Site "Bucaramanga"]
[Date "2013.09.21"]
[Round "3"]
[White "Narvaez Max, Diana Marcela"]
[Black "Gomez Cabra, Marcelo"]
[Result "1-0"]
[WhiteElo "1403"]
[BlackElo "1227"]
[PlyCount "63"]
[EventDate "2013.09.20"]
[EventType "swiss"]
[EventRounds "7"]
[EventCountry "COL"]
[SourceTitle "CBM 156 Extra"]
[Source "ChessBase"]
[SourceDate "2013.10.22"]
[SourceVersion "1"]
[SourceVersionDate "2013.10.22"]
[SourceQuality "1"]

1. e4 e5 2. Nf3 Nc6 3. Bc4 Qf6 4. d3 a6 5. Nc3 b5 6. Nd5 Qd6 7. Bb3 f6 8. Be3 g5 9. h3 Bb7 10. Qe2 0-0-0 11. Nb6+ cxb6 12. Bxb6 Re8 13. 0-0-0 Be7 14. Bd5 h5 15. d4 exd4 16. Nxd4 Nxd4 17. Bxd4 f5 18. Bxh8 Nh6 19. Qxh5 Rxh8 20. Rhe1 fxe4 21. Rxe4 Bxd5 22. Red4 Bf6 23. Rxd5 Qc6 24. Qf3 Ng8 25. Qf5 Kc7 26. Rxd7+ Kb6 27. R1d3 Qc4 28. R3d6+ Ka5 29. Qf3 Qxa2 30. Qe3 Qxb2+ 31. Kd1 Bc3 32. Qxg5 1-0